Music Quiz

Random Music or Lyrics Quiz

Guess the Lyrics - Lady Gaga 2 Quiz Stats

 Plays Quiz not verified by Sporcle

Score 0/142 Timer 10:00
0 Plays Today
lyrics % Correct
I
93.6%
I
93.6%
I
93.6%
(I
93.6%
I
93.6%
I
93.6%
I
93.6%
I
93.6%
I
93.6%
I
93.6%
I
93.6%
I
93.6%
I
93.6%
I
93.6%
a
93.5%
And
93.5%
the
93.5%
And
93.5%
and
93.5%
and
93.5%
you
83.2%
you
83.2%
you
83.2%
love
75.6%
me
67.2%
me
67.2%
me
67.2%
to
59.1%
your
56.9%
Just
56.4%
he
55.3%
he
55.3%
can
54.9%
can
54.9%
can
54.9%
can
54.9%
can
54.9%
on
52.2%
is
50.5%
my
50.2%
so
48.5%
that
48.1%
that
48.1%
that
48.1%
that
48.1%
that
48.1%
of
44%
Not
41.6%
lyrics % Correct
way
41.4%
way
41.4%
way
41.4%
don't
38%
at
37.4%
at
37.4%
say
37.3%
say
37.3%
say
37.3%
say
37.3%
say
37.3%
Boy
36.8%
had
35.7%
have
35.5%
But
33.4%
time
32.8%
never
32.1%
never
32.1%
never
32.1%
nothing
31%
nothing
31%
nothing
31%
nothing
31%
good
30.6%
wish
30.3%
best
30.3%
got
30.3%
Got
30.3%
wish
30.3%
wish
30.3%
Then
29.9%
real
29.6%
there's
29.6%
there's
29.6%
there's
29.6%
there's
29.6%
eh, eh
29.2%
eh, eh
29.2%
eh
29.2%
Eh, eh
29.2%
eh, eh
29.2%
eh, eh, eh
29.2%
(chorus x2)
29.2%
Eh, eh
29.2%
Eh, eh
29.2%
Eh, eh)
29.2%
Eh, eh
29.2%
Eh, eh
29.2%
lyrics % Correct
Eh, eh
29.2%
Eh, eh
29.2%
eh, eh
29.1%
All
28.8%
else
28.7%
else
28.7%
else
28.7%
else
28.7%
out
28.2%
Oh, yeah
28.1%
looked
27.5%
looked
27.5%
Gaga
26.4%
we've
25.3%
mean
25.3%
didn't
25.1%
hurt
24.5%
something's
24.3%
something
24.1%
thought
24%
wrong
24%
about
23.4%
Cherry, cherry
23.1%
cherry, cherry
23.1%
boom, boom
23%
boom, boom
23%
someone
22.9%
keep'a
22.9%
met
22.7%
met
22.7%
friends
22.6%
that's
22.4%
care
22.3%
we'd
22.2%
place
22.1%
fall
22%
tellin'
21.7%
things
20.7%
long, long
19.7%
somebody
19.1%
funny
18.9%
funny
18.9%
cute
18.6%
other
18.3%
compliqué
17.9%
each
17.2%

You're not logged in!

Compare scores with friends on all Sporcle quizzes.
OR
Log In

Show Comments

Extras

Top Quizzes Today


Score Distribution

Your Account Isn't Verified!

In order to create a playlist on Sporcle, you need to verify the email address you used during registration. Go to your Sporcle Settings to finish the process.

Report this User

Report this user for behavior that violates our Community Guidelines.

Details: